Get the Picture: Disney Villains Quiz Stats

 Plays Quiz Updated Apr 22, 2019

Score 0/16 Timer 05:00
1 Play Today
Question Answer Wrong Answers
Evil Plot
Make a fur coat out of dalmatian puppies
Cruella de Vil
95.6%
Captain Hook
0.2%
Frollo
0.1%
Gaston
0.1%
Movie
One Hundred and One Dalmatians
Cruella de Vil
95.5%
Captain Hook
0.2%
Frollo
0.1%
Gaston
0.1%
Movie
Peter Pan
Captain Hook
95.3%
Cruella de Vil
0.2%
Frollo
0.2%
Gaston
0.3%
Evil Plot
Kill Peter Pan, the Lost Boys, & seize control of Neverland
Captain Hook
95%
Cruella de Vil
0.4%
Frollo
0.3%
Gaston
0.2%
Ultimate Fate
Chased away by a crocodile
Captain Hook
93.4%
Cruella de Vil
0.9%
Frollo
1%
Gaston
0.4%
Movie
Beauty and the Beast
Gaston
92.8%
Captain Hook
0.3%
Cruella de Vil
0.4%
Frollo
1.9%
Evil Plot
Force Belle to be his wife
Gaston
92.4%
Captain Hook
0.5%
Cruella de Vil
0.4%
Frollo
2.2%
Movie
The Hunchback of Notre Dame
Frollo
91.4%
Captain Hook
0.4%
Cruella de Vil
0.4%
Gaston
3.1%
Ultimate Fate
Crashes car into a ravine
Cruella de Vil
89.7%
Captain Hook
0.4%
Frollo
4%
Gaston
1.7%
Evil Plot
Force Esmeralda to either be his wife or burn at the stake
Frollo
89.6%
Captain Hook
1%
Cruella de Vil
1%
Gaston
3.9%
Henchmen
Mr. Smee
Captain Hook
85.7%
Cruella de Vil
2%
Frollo
5%
Gaston
2.9%
Ultimate Fate
Fell to their death in a vast lake of molten metal
Frollo
79.7%
Captain Hook
6.1%
Cruella de Vil
4.6%
Gaston
4.8%
Ultimate Fate
Fell off of a castle balcony to their death
Gaston
77.2%
Captain Hook
1.1%
Cruella de Vil
2.2%
Frollo
15%
Henchmen
LeFou
Gaston
74.6%
Captain Hook
2.4%
Cruella de Vil
4.6%
Frollo
13.8%
Henchmen
Brutish Guard & Oafish Guard
Frollo
71.4%
Captain Hook
4.8%
Cruella de Vil
10.8%
Gaston
8.3%
Henchmen
Jasper and Horace Badun
Cruella de Vil
70.4%
Captain Hook
3.4%
Frollo
14.5%
Gaston
7.4%

Today's Daily Dose

Missing Word
1940s A-Z

Quick Pick
'S' Athletes

Get the Picture
Depp or Bonham Carter

You're not logged in!

Compare scores with friends on all Sporcle quizzes.
OR
Log In

Sporcle TV

Today on Sporcle TV


Watch our educational content, quiz creation guides, and fun videos on Sporcle TV.

Show Comments

Extras

Top Quizzes Today


Score Distribution

Your Account Isn't Verified!

In order to create a playlist on Sporcle, you need to verify the email address you used during registration. Go to your Sporcle Settings to finish the process.

Report this User

Report this user for behavior that violates our Community Guidelines.

Details: